| 000 | 00871nas a22002533 4500 | ||
|---|---|---|---|
| 005 | 20170201154934.0 | ||
| 008 | 870629u xx u 0 0 0fre | ||
| 022 | _a00034231 | ||
| 040 |
_aCO-BoIAVH _cCO-BoIAVH |
||
| 041 | 0 | _afre | |
| 044 | _afr | ||
| 090 | _aSE | ||
| 110 | 2 |
_aInstitut National de la Recherche Agronomique _940931 |
|
| 245 | 0 | 0 | _aAnnales de zoologie-écologie animale |
| 260 |
_aParís (Francia): _bInstitut National de la Recherche Agronomique, _c1969- . |
||
| 310 | _aq | ||
| 321 | _a0 | ||
| 590 | _aPublicación cesó con vol. 11, no. 4, 1979 por carta del editor para E & G 1.7.83. | ||
| 650 | 6 |
_aZoología _vPeriódicas. |
|
| 650 | 6 |
_aZoología _vPeriódicas. _xInvestigación |
|
| 650 | 6 |
_aEcología animal _vPeriódicas. |
|
| 650 | 6 |
_aEcología animal _vPeriódicas. _xInvestigación |
|
| 942 |
_2z _cREVISTA _s1 |
||
| 999 |
_c17846 _d17846 |
||